| 000 | 01220nam a22003617a 4500 | ||
|---|---|---|---|
| 001 | 0009656 | ||
| 003 | KOHA_MİRAKIL | ||
| 005 | 20260207001716.0 | ||
| 007 | ta | ||
| 008 | 091022b1983 tu |||gr||||#||||0|tur | | ||
| 020 | _c0,01 | ||
| 040 |
_aTR-BiSEU _btur _cTR-BiSEU _erda |
||
| 041 | 0 | _atur | |
| 044 | _ctu | ||
| 050 |
_aTD174 _b.Y38 1983 |
||
| 100 | 1 | _aYavuz, Fehmi. | |
| 245 | 1 |
_aÇevre sorunları/ _cFehmi Yavuz ; Fehmi Yavuz, Ruşen Keleş. |
|
| 264 | 1 |
_aAnkara : _bAnkara Üni. Siyasal Bilgiler Fak. _c1983 |
|
| 300 | _avii, 320 sayfa: tablo; 25 cm. | ||
| 336 |
_ametin _btxt _2rdacontent |
||
| 337 |
_aaracısız _bn _2rdamedia |
||
| 338 |
_acilt _bnc _2rdacarrier |
||
| 490 | 1 |
_aAnkara Üniversitesi Siyasal Bilgiler Fakültesi yayınları ; _v534. |
|
| 500 | _aKaynakça ve dizin var. | ||
| 650 | 0 |
_aEnviromental pollution. _923869 |
|
| 650 | 0 |
_aEnviromental pollution--Turkey. _923870 |
|
| 650 | 0 |
_aEnviromental policy--Turkey. _923871 |
|
| 650 | 0 |
_aÇevre kirliliği. _923872 |
|
| 650 | 0 |
_aÇevre kirliliği--Türkiye. _923873 |
|
| 650 | 0 |
_aÇevre politikası--Türkiye. _918323 |
|
| 830 | 1 |
_aAnkara Üniversitesi Siyasal Bilgiler Fakültesi yayınları ; _v534. _99316 |
|
| 942 |
_2lcc _cBK |
||
| 999 |
_c9628 _d9628 |
||